ბათუმის შოთა რუსთაველის სახელმწიფო უნივერსიტეტის ბიბლიოთეკა

წიგნში ჩამარხული ყვავილის სევდა (ბიბ.ჩანაწერი № 48615)

000 -LEADER
fixed length control field 00784nam a2200217Ia 4500
001 - CONTROL NUMBER
control field 15515
003 - CONTROL NUMBER IDENTIFIER
control field GE_BSU
008 - FIXED-LENGTH DATA ELEMENTS--GENERAL INFORMATION
fixed length control field 181216s||||||||xx |||||||||||||| ||und||
040 ## - CATALOGING SOURCE
Transcribing agency GE_BSU
080 ## - UNIVERSAL DECIMAL CLASSIFICATION NUMBER
Universal Decimal Classification number 821.353.1-32
100 ## - MAIN ENTRY--PERSONAL NAME
Personal name ჩხიკვაძე,ვანო
245 ## - TITLE STATEMENT
Title წიგნში ჩამარხული ყვავილის სევდა
245 ## - TITLE STATEMENT
Remainder of title მოთხრობები
245 ## - TITLE STATEMENT
Statement of responsibility, etc. რედ.მ.კალანდარიშვილი. მხატვ.კ.ფაჩულია
260 ## - PUBLICATION, DISTRIBUTION, ETC.
Place of publication, distribution, etc. თბილისი
260 ## - PUBLICATION, DISTRIBUTION, ETC.
Name of publisher, distributor, etc. ნაკადული
260 ## - PUBLICATION, DISTRIBUTION, ETC.
Date of publication, distribution, etc. 1989
300 ## - PHYSICAL DESCRIPTION
Extent 270გვ.ილ.21სმ.
653 ## - INDEX TERM--UNCONTROLLED
Uncontrolled term წიგნში ჩამარხული ყვავილის სევდა
942 ## - ADDED ENTRY ELEMENTS (KOHA)
Koha item type წიგნი
ეგზემპლარები
Withdrawn status Lost status Damaged status Not for loan Date acquired Barcode Date last seen Price effective from Koha item type
        2018-12-17 38593 2018-12-17 2018-12-17 წიგნი
        2018-12-17 38594 2018-12-17 2018-12-17 წიგნი
        2018-12-17 38595 2018-12-17 2018-12-17 წიგნი
        2018-12-17 38596 2018-12-17 2018-12-17 წიგნი
        2018-12-17 38597 2018-12-17 2018-12-17 წიგნი